Catálogo
 En Linea
Vista normal Vista MARC

Entrada Nombre corporativo

Número de registros utilizados en: 1

001 - NÚMERO DE CONTROL

  • campo de control: 83811

003 - IDENTIFICADOR DEL NÚMERO DE CONTROL

  • campo de control: DO-SdBNP

005 - FECHA Y HORA DE LA ÚLTIMA TRANSACCIÓN

  • campo de control: 20230720153438.0

008 - DATOS DE LONGITUD FIJA

  • campo de control de longitud fija: 230720|| aca||aabn | a|a d

040 ## - FUENTE DE LA CATALOGACIÓN

  • Centro catalogador/agencia de origen: DO-SdBNP
  • Centro/agencia transcriptor: DO-SdBNP

110 ## - ENCABEZAMIENTO-NOMBRE DE ENTIDAD CORPORATIVA

  • Unidad subordinada: Secretariado Técnico de la Presidencia
  • Unidad subordinada: Oficina Nacional de Estadística

670 ## - FUENTE DE DATOS ENCONTRADOS

  • Cita de la fuente: Work cat.: (DO-SdBNP)54226: República Dominicana Secretariado Técnico de la Presidencia Oficina Nacional de Estadística, Censo nacional de población y vivienda 1981:

Con tecnología Koha